000 00736nam a2200253Ia 4500
003 OSt
005 20221005044810.0
006 a|||||r|||| 00| 0
007 ta
008 221004b |||||||| |||| 00| 0 eng d
020 _a9788131607237 (hbk)
_c1095
024 _a24027
037 _b54, 22/12/2015, Mallika Books
_cTextual
040 _aCRL
_cCRL
_beng
041 _2eng
_aeng
082 _aRx:g, P4
100 _aSimons Jon
245 0 _aContemporary critical theorists
_b From Lacan to said
260 _aJaipur
_bRawat Publication India
_c2004
300 _axi, 292p.
_ccm.
650 _aPHILOSOPHY
942 _hRx:g, P4
_cTEXL
_2cc
999 _c953969
_d953969